Normal view
MARC view
Entry Personal Name
001 - CONTROL NUMBER
- control field: 29559
003 - CONTROL NUMBER IDENTIFIER
- control field: dpl
005 - DATE AND TIME OF LATEST TRANSACTION
- control field: 20110713171812.0
008 - FIXED-LENGTH DATA ELEMENTS
- fixed length control field: 110713|||a|||||| | ||| d
040 ## - CATALOGING SOURCE
- Original cataloging agency: dpl
- Transcribing agency: dpl
100 ## - HEADING--PERSONAL NAME
- Personal name: Kuchhal, M. C.
670 ## - SOURCE DATA FOUND
- Source citation: Work cat.: (dpl)41014: Kuchhal, M. C. , Business legislation for management /, 2010
670 ## - SOURCE DATA FOUND
- Source citation: Work cat.: (dpl)41014: Kuchhal, M. C. , Business legislation for management /, 2010
